000 00216 a2200097 4500
001 32909
100 _aHameed, A
245 _aDilli action [Urdu]
260 _aLahore
_bMaqbool Academy
_c1996
090 _c22067
_d22067
942 _aNUST-CAE
_cM
_c13411
999 _c267982
_d267982